Študijný program školský rok ...

Bibliographic Details
New Title:Ročenka
Corporate Author: Univerzita Komenského v Bratislave. Rímskokatolícka cyrilometodská bohoslovecká fakulta
Format: Serial
Language:Slovak
PhysicalDescription:zv. fotogr., tab. 21 cm
Published: Bratislava Univerzita Komenského -2004
ISBN:8022317632 (brož. : r. 2002/2003)
8022318612 (brož. : r. 2003/2004)
8022319759 (brož. : r. 2004/2005)
8022309451 (brož. : r. 1995/1996)
8022310638 (brož. : r. 1996/1997)
8022312002 (brož. : r. 1997/1998)
8022313149 (brož. : r. 1998/1999)
8022314633 (brož. : r. 1999/2000)
8022315222 (brož. : r. 2000/2001)
8022316512 (brož. : r. 2001/2002)
Subjects:

MARC

LEADER 00000cas a2200000 a 4500
001 vtls001471005
003 SK-MaSNL
005 20260425194057.0
008 040315d19uu2004xo ar 0 0b0slo
015 |a SNBE1996/0200826 (r. 1995/1996)  |a SNBE1997/0300837 (r. 1996/1997)  |a SNBE1998/01-00171 (r. 1997/1998)  |a SNBE1999/01-00518 (r. 1998/1999)  |a SNBE2000/04-01531 (r. 1999/2000)  |a SNBE2001/03-01713 (r. 2000/2001)  |a SNBE2002/03-01095 (r. 2001/2002)  |a SNBB2005/02-00460 (r. 2002/2003)  |a SNBB2005/02-00461 (r. 2003/2004)  |a SNBB2008/01-00069 (r. 2004/2005) 
020 |a 8022317632 (brož. : r. 2002/2003) 
020 |a 8022318612 (brož. : r. 2003/2004) 
020 |a 8022319759 (brož. : r. 2004/2005) 
020 |a 8022309451 (brož. : r. 1995/1996) 
020 |a 8022310638 (brož. : r. 1996/1997) 
020 |a 8022312002 (brož. : r. 1997/1998) 
020 |a 8022313149 (brož. : r. 1998/1999) 
020 |a 8022314633 (brož. : r. 1999/2000) 
020 |a 8022315222 (brož. : r. 2000/2001) 
020 |a 8022316512 (brož. : r. 2001/2002) 
035 |a SNK000426308 
040 |a SNK  |b slo  |c SNK  |e AACR2 
041 0 |a slo 
043 |a e-xo--- 
044 |a xo  |c SK 
072 7 |a 378  |x Vysoké školy  |2 konspekt 
080 |a 272-1  |2 2001 
080 |a 37.091.3  |2 2011 
080 |a (437.6)  |2 2011 
080 |a (036)  |2 2011 
080 |a (058)  |2 2011 
080 |a 378.4  |2 2011 
080 |a (073)  |2 2011 
110 2 |a Univerzita Komenského v Bratislave.  |b Rímskokatolícka cyrilometodská bohoslovecká fakulta 
245 1 0 |a Študijný program  |b školský rok ...  |c Univerzita Komenského v Bratislave, Rímskokatolícka cyrilometodská bohoslovecká fakulta 
260 |a Bratislava  |b Univerzita Komenského  |c -2004 
300 |a zv.  |b fotogr., tab.  |c 21 cm 
310 |a 1x ročne 
362 0 |a -r. 2004/2005 
500 |a Súčasťou podnázvu je označenie školského roku 
504 |a Zoz. 
610 2 7 |a Univerzita Komenského v Bratislave.  |b Rímskokatolícka cyrilometodská bohoslovecká fakulta  |2 SNKKA 
650 0 7 |a univerzity  |2 SNKPH  |9 22152 
650 0 7 |a katolícka teológia  |2 SNKPH  |9 4021 
650 0 7 |a štúdium a výučba  |2 SNKPH  |9 3982 
651 7 |a Bratislava (Slovensko)  |2 SNKPHgeo  |9 14568 
655 7 |a informačné publikácie  |2 SNKPH  |9 70181 
655 7 |a študijné programy  |2 SNKPH  |9 265409 
785 0 0 |t Ročenka  |w (SNK) vtls008305516 
910 |a snk 
919 |a 80-223-1763-2 
919 |a 80-223-1861-2 
919 |a 80-223-1975-9 
919 |a 80-223-0945-1 
919 |a 80-223-1063-8 
919 |a 80-223-1200-2 
919 |a 80-223-1314-9 
919 |a 80-223-1463-3 
919 |a 80-223-1522-2 
919 |a 80-223-1651-2 
999 |c 3448  |d 5378 
952 |a SNK  |b SNK  |y PREZ  |7 0  |p 17A0055362  |o snkČSD 1786/1996-1997  |i snkKSP 2874/97  |8 0  |0 0  |1 0  |4 0  |d 1997-03-17  |l 0  |r 2005-01-02 00:00:00  |w 2026-02-21 
952 |a SNK  |b SNK  |y PREZ  |7 0  |p 17A0055361  |o snkČSD 1786/1996-1997 D1  |i snkKSP 2875/97  |0 0  |1 0  |4 0  |d 1997-03-17  |l 0  |r 2005-01-02 00:00:00  |w 2026-02-21 
952 |a SNK  |b SNK  |y PREZ  |7 0  |p 17A0358026  |o snkČSD 1786/2002-2003  |i snkPV 92/2004  |0 0  |1 0  |4 0  |d 2004-03-15  |l 0  |r 2005-01-02 00:00:00  |w 2026-02-21 
952 |a SNK  |b SNK  |y PREZ  |7 0  |p 17A0358027  |o snkČSD 1786/2002-2003 D1  |i snkPV 93/2004  |0 0  |1 0  |4 0  |d 2004-03-15  |l 0  |r 2005-01-02 00:00:00  |w 2026-02-21 
952 |a SNK  |b SNK  |y PREZ  |7 0  |p 17A0416005  |o snkČSD 1786/2003-2004  |i snkPV 100/2004  |0 0  |1 0  |4 0  |d 2004-03-15  |l 0  |r 2005-01-02 00:00:00  |w 2026-02-21 
952 |a SNK  |b SNK  |y PREZ  |7 0  |p 17A0446032  |o snkČSD 1786/2004-2005  |i snkPV 1473/2004  |0 0  |1 0  |4 0  |d 2004-11-12  |l 0  |r 2005-01-02 00:00:00  |w 2026-02-21 
952 |a SNK  |b SNK  |y PREZ  |7 0  |p 17A0446033  |o snkČSD 1786/2004-2005 D1  |i snkPV 1474/2004  |0 0  |1 0  |4 0  |d 2004-11-12  |l 0  |r 2005-01-02 00:00:00  |w 2026-02-21 
952 |t R. 1996-1997  |a SNK  |b SNK  |y NEVYP  |7 0  |o snkC 663  |i snk1246/970319  |0 0  |1 0  |4 0  |d 1997-03-17  |l 0  |r 2005-01-02 00:00:00  |w 2026-02-21 
952 |a SNK  |b SNK  |y PREZ  |7 0  |p 17A0416006  |o snkČSD 1786/2003-2004 D1  |i snkPV 101/2004  |0 0  |1 0  |4 0  |d 2004-03-15  |l 0  |r 2005-01-02 00:00:00  |w 2026-02-21 
952 |a SNK  |b SNK  |y PREZ  |7 0  |p 17A0257364  |o snkČSD 1786/1999-2000  |i snkKSP 8818/2000  |0 0  |1 0  |4 0  |d 2000-08-28  |l 0  |r 2005-01-02 00:00:00  |w 2026-02-21 
952 |a SNK  |b SNK  |y PREZ  |7 0  |p 17A0249368  |o snkČSD 1786/1999-2000 D1  |i snkKSP 8819/2000  |0 0  |1 0  |4 0  |d 2000-08-28  |l 0  |r 2005-01-02 00:00:00  |w 2026-02-21 
952 |a SNK  |b SNK  |y PREZ  |7 0  |p 17A0116737  |o snkČSD 1786/1997-1998  |i snkKSP 445/98  |0 0  |1 0  |4 0  |d 1998-01-20  |l 0  |r 2005-01-02 00:00:00  |w 2026-02-21 
952 |a SNK  |b SNK  |y PREZ  |7 0  |p 17A0116738  |o snkČSD 1786/1997-1998 D1  |i snkKSP 446/98  |0 0  |1 0  |4 0  |d 1998-01-20  |l 0  |r 2005-01-02 00:00:00  |w 2026-02-21 
952 |a SNK  |b SNK  |y PREZ  |7 0  |p 17A0295632  |o snkČSD 1786/2000-2001  |i snkKSP 5252/2001  |0 0  |1 0  |4 0  |d 2001-04-18  |l 0  |r 2005-01-02 00:00:00  |w 2026-02-21 
952 |a SNK  |b SNK  |y PREZ  |7 0  |p 17A0295633  |o snkČSD 1786/2000-2001 D1  |i snkKSP 5253/2001  |0 0  |1 0  |4 0  |d 2001-04-18  |l 0  |r 2005-01-02 00:00:00  |w 2026-02-21 
952 |a SNK  |b SNK  |y PREZ  |7 0  |p 17A0340953  |o snkČSD 1786/2001-2002  |i snkKSP 4715/2002  |0 0  |1 0  |4 0  |d 2002-04-25  |l 0  |r 2005-01-02 00:00:00  |w 2026-02-21 
952 |a SNK  |b SNK  |y PREZ  |7 0  |p 17A0011560  |o snkČSD 1786/1995-1996  |i snkKSP 8000/96  |0 0  |1 0  |4 0  |d 1996-09-25  |l 0  |r 2005-01-01 00:00:00  |w 2026-02-21 
952 |a SNK  |b SNK  |y PREZ  |7 0  |p 17A0011561  |o snkČSD 1786/1995-1996 D1  |i snkKSP 8001/96  |0 0  |1 0  |4 0  |d 1996-09-25  |l 0  |r 2005-01-01 00:00:00  |w 2026-02-21 
952 |a SNK  |b SNK  |y PREZ  |7 0  |p 17A0183879  |o snkČSD 1786/1998-1999  |i snkKSP 2586/99  |0 0  |1 0  |4 0  |d 1999-03-11  |l 0  |r 2005-01-02 00:00:00  |w 2026-02-21 
952 |a SNK  |b SNK  |y PREZ  |7 0  |p 17A0183880  |o snkČSD 1786/1998-1999 D1  |i snkKSP 2587/99  |0 0  |1 0  |4 0  |d 1999-03-11  |l 0  |r 2005-01-02 00:00:00  |w 2026-02-21 
952 |a SNK  |b SNK  |y PREZ  |7 0  |p 17A0340954  |o snkČSD 1786/2001-2002 D1  |i snkKSP 4716/2002  |0 0  |1 0  |4 0  |d 2002-04-25  |l 0  |r 2005-01-02 00:00:00  |w 2026-02-21